Library Banner

Engaging secularism limits of a promise/ (Record no. 94301)

MARC details
000 -LEADER
fixed length control field 00433nam a22001577a 4500
005 - DATE AND TIME OF LATEST TRANSACTION
control field 20170717102428.0
008 - FIXED-LENGTH DATA ELEMENTS--GENERAL INFORMATION
fixed length control field 170605b xxu||||| |||| 00| 0 eng d
020 ## - INTERNATIONAL STANDARD BOOK NUMBER
International Standard Book Number 9789699368147
040 ## - CATALOGING SOURCE
Transcribing agency PK-LaUMT
082 ## - DEWEY DECIMAL CLASSIFICATION NUMBER
Classification number UMT 279.26
Item number TAR-E
100 ## - MAIN ENTRY--PERSONAL NAME
Personal name Tarik Jan
245 ## - TITLE STATEMENT
Title Engaging secularism limits of a promise/
Statement of responsibility, etc Tarik Jan
260 ## - PUBLICATION, DISTRIBUTION, ETC. (IMPRINT)
Place of publication, distribution, etc Lahore:
Name of publisher, distributor, etc Universty of management and technology,
Date of publication, distribution, etc 2017
300 ## - PHYSICAL DESCRIPTION
Extent 394 p.
942 ## - ADDED ENTRY ELEMENTS (KOHA)
Koha item type Books
Holdings
Withdrawn status Lost status Damaged status Home library Current library Date acquired Full call number Barcode Date last seen Price effective from Koha item type
      UMT Main Campus UMT Main Campus 2017-06-05 UMT 279.26 TAR-E 109270 2020-02-21 2017-06-05 Books